[Event "No late (k)night moves..."]
[Site "http://www.queenalice.com/game.php?id=546755"]
[Date "2009.2.26"]
[Round "-"]
[White "DJLeon"]
[Black "ASimplePawnOfFate"]
[Result "0-1"]
[WhiteElo "1654"]
[BlackElo "1304"]

1. g3 e5 2. e4 d6 3. Nf3 Nc6 4. Bg2 Nf6 5. Nc3 Be6 6. d3 g6 7. O-O Nd4 8. Ng5 d5
9. Nxe6 fxe6 10. Bg5 Bg7 11. a4 Qd7 12. b3 Qd6 13. Bxf6 Bxf6 14. exd5 c6 15. Ne4
Qf8 16. dxe6 Nxe6 17. Qf3 Ng5 18. Nxf6+ Kd8 19. Ne4 Qxf3 20. Bxf3 Nxf3+ 21. Kg2
Rf8 22. Nc5 Ke7 23. Nxb7 Rf7 24. a5 Rg8 25. Ra4 g5 26. Re4 h5 27. g4 Nh4+ 28.
Kg1 Nf3+ 29. Kg2 hxg4 30. Rxg4 Nh4+ 31. Kh3 Nf3 32. Nc5 Rh8+ 33. Kg3 Rh4 34.
Rxh4 gxh4+ 35. Kh3 Rf4 36. d4 Ng5+ 37. Kg2 Rg4+ 38. Kh1 Nf3 39. h3 Rxd4 40. Nd3
e4 41. Nf4 Kf6 42. Ra1 Kf5 43. Ne2 Rd2 44. Ng1 Kf4 45. Nxf3 Kxf3 46. Rg1 Kxf2
47. Rg2+ Ke1 48. Rg1+ Kf2 49. Rg2+ Ke3 50. Kg1 Rxg2+ 51. Kxg2 Kd2 0-1

[Event "Challenge"]
[Site "http://www.queenalice.com/game.php?id=550368"]
[Date "2009.3.4"]
[Round "-"]
[White "hehe"]
[Black "ASimplePawnOfFate"]
[Result "1-0"]
[WhiteElo "1131"]
[BlackElo "1331"]

1. d4 g6 2. d5 Bg7 3. Be3 Nf6 4. g3 b6 5. Bg2 Bb7 6. Qd2 e6 7. Bh6 Bxh6 8. Qxh6
exd5 9. Na3 Nc6 10. O-O-O Ne4 11. Bxe4 dxe4 12. f3 Ne5 13. Qg7 Ke7 14. Qxe5+ Kf8
15. Qxh8+ Ke7 16. Qg7 exf3 17. Rd3 1-0

[Event "Another game"]
[Site "http://www.queenalice.com/game.php?id=555654"]
[Date "2009.3.13"]
[Round "-"]
[White "ASimplePawnOfFate"]
[Black "DJLeon"]
[Result "0-1"]
[WhiteElo "1337"]
[BlackElo "1717"]

1. d4 g6 2. e3 d6 3. Nf3 Nf6 4. Bd3 Bg7 5. Nbd2 O-O 6. h3 Nc6 7. O-O e5 8. b3
Re8 9. Bb5 a6 10. Bxc6 bxc6 11. Bb2 c5 12. dxe5 Nd7 13. Nc4 Nxe5 14. Qd5 Nxf3+
15. Qxf3 Bxb2 16. Nxb2 Bf5 17. Rad1 Bxc2 18. Rd2 Be4 19. Qe2 Qg5 20. f3 Bc6 21.
Re1 Bb5 22. Nd3 c4 23. bxc4 Bxc4 24. f4 Qh4 25. Qf2 Qxf2+ 26. Nxf2 Rab8 27. e4
d5 28. Rc2 f5 29. a3 c6 30. e5 Rb3 31. a4 Ra3 32. Rb2 Rxa4 33. Reb1 Bb5 34. Nd1
Rxf4 35. Re2 Bxe2 36. Nc3 Rxe5 37. Rb8+ Kf7 38. Rb7+ Ke6 39. Nxe2 Rxe2 40. Rb6
Rff2 41. Rxc6+ Ke5 42. Rxa6 Rxg2+ 43. Kf1 Rb2 44. Ra1 f4 45. Re1+ Kf5 46. Rd1
Ke4 47. Re1+ Kf3 48. Rc1 Rbf2+ 0-1

[Event "Victory or checkmate"]
[Site "http://www.queenalice.com/game.php?id=568442"]
[Date "2009.4.7"]
[Round "-"]
[White "DJLeon"]
[Black "ASimplePawnOfFate"]
[Result "1/2-1/2"]
[WhiteElo "1699"]
[BlackElo "1336"]

1. g3 g6 2. Bg2 Bg7 3. Nf3 b6 4. Ne5 c6 5. d4 d6 6. Nxc6 Nxc6 7. Bxc6+ Bd7 8.
Bxa8 Qxa8 9. O-O Bh3 10. f3 Bxf1 11. Kxf1 Nf6 12. Qd3 O-O 13. Nc3 a6 14. Na4 Qa7
15. Be3 b5 16. d5 Qb7 17. Nc3 Qd7 18. Kg2 Re8 19. a4 b4 20. Ne4 e6 21. Qxa6 exd5
22. Nxd6 Rxe3 23. Nc8 h5 24. Qa8 Rxe2+ 25. Kf1 Rxc2 26. Nb6+ Qe8 27. a5 Bf8 28.
Qxe8 Nxe8 29. a6 d4 30. a7 Nc7 31. a8=Q Nxa8 32. Rxa8 d3 33. Ke1 Rxb2 34. Nd7
Rc2 35. Nxf8 b3 36. Nxg6+ Kg7 37. Nf4 b2 38. Rb8 Rxh2 39. Rxb2 Rxb2 40. Nxd3
Rb1+ 41. Kf2 Kg6 42. f4 f5 43. Ke3 1/2-1/2

[Event "Let's play chess"]
[Site "http://www.queenalice.com/game.php?id=580006"]
[Date "2009.4.29"]
[Round "-"]
[White "ASimplePawnOfFate"]
[Black "DJLeon"]
[Result "0-1"]
[WhiteElo "1350"]
[BlackElo "1696"]

1. e4 g6 2. Nf3 Nf6 3. Nc3 d5 4. d4 dxe4 5. Ne5 Bg7 6. Be3 O-O 7. f3 exf3 8.
gxf3 Nd5 9. Nxd5 Qxd5 10. Bc4 Qa5+ 11. Bd2 Qb6 12. Be3 Qxb2 13. Nd3 Qc3+ 14. Bd2
Qxc4 15. Ne5 Qxd4 16. Nd3 Qh4+ 17. Nf2 Bxa1 18. Qxa1 Bf5 19. Rg1 Qxh2 20. Rf1
Bxc2 21. Bc3 f6 22. Ng4 Qg3+ 23. Rf2 Nc6 24. Qc1 f5 25. Qh6 e5 26. Nxe5 Nxe5 27.
f4 Qe3+ 0-1

[Event "Challenge"]
[Site "http://www.queenalice.com/game.php?id=631817"]
[Date "2009.8.6"]
[Round "-"]
[White "DJLeon"]
[Black "ASimplePawnOfFate"]
[Result "1-0"]
[WhiteElo "1721"]
[BlackElo "1338"]

1. g3 e5 2. e4 Nf6 3. Nf3 Nc6 4. d4 d5 5. Nxe5 Nxe4 6. Nxc6 bxc6 7. Bg2 g6 8.
Bxe4 dxe4 9. O-O Bh3 10. Re1 Bg7 11. Rxe4+ Be6 12. Nc3 O-O 13. b4 Bh3 14. Ne2
Re8 15. Qd3 Bf5 16. Rxe8+ Qxe8 17. Qf3 Bxc2 18. Bf4 Qd7 19. Rc1 Ba4 20. Nc3 Bb5
21. Nxb5 Rb8 22. Nxa7 Qd5 23. Qxd5 cxd5 24. Rxc7 Rxb4 25. Rc8+ 1-0

[Event "Kraj´s Challenge"]
[Site "http://www.queenalice.com/game.php?id=633318"]
[Date "2009.8.9"]
[Round "-"]
[White "ASimplePawnOfFate"]
[Black "Krajnicov"]
[Result "0-1"]
[WhiteElo "1348"]
[BlackElo "1508"]

1. d4 e6 2. e3 c6 3. Bd3 d5 4. Nd2 Bb4 5. Nf3 Qf6 6. O-O h5 7. a3 Bd6 8. b3 h4
9. a4 g5 10. Bb2 g4 11. Ne5 Qh6 12. Nxg4 Qg7 13. h3 f5 14. Ne5 Bxe5 15. dxe5 Ne7
16. c4 Rg8 17. Qf3 Na6 18. Qh5+ Kd7 19. Qxh4 Qxg2# 0-1

[Event "Challenge"]
[Site "http://www.queenalice.com/game.php?id=636776"]
[Date "2009.8.15"]
[Round "-"]
[White "Carlos3000"]
[Black "ASimplePawnOfFate"]
[Result "0-1"]
[WhiteElo "1630"]
[BlackElo "1343"]

1. e4 g6 2. d3 Bg7 3. Be3 e5 4. a3 Ne7 5. Nf3 Nbc6 6. Nc3 d6 7. Be2 Be6 8. O-O
d5 9. exd5 Nxd5 10. Nxd5 Bxd5 11. c3 e4 12. dxe4 Bxe4 13. Qxd8+ Rxd8 14. Ng5 Bf5
15. Bb5 O-O 16. Bxc6 bxc6 17. Bxa7 Rfe8 18. Bc5 h6 19. Nf3 Rd5 20. Ba7 c5 21. h3
c4 22. Rad1 Bd3 23. Rfe1 Rdd8 24. Bd4 Bf8 25. Ne5 c5 26. Nc6 Rc8 27. Rxe8 Rxe8
28. Bf6 Re6 29. Ne5 Rxf6 30. Nxd3 cxd3 31. Rxd3 c4 32. Rd4 Bc5 33. Rxc4 Bxf2+
34. Kh2 Be3 35. a4 Rf4 36. Rc8+ Kg7 37. a5 Ra4 38. b4 Bf4+ 39. Kg1 Bd2 40. Rc5
Be3+ 41. Kf1 Bxc5 42. bxc5 Rxa5 43. c6 Rc5 44. Ke2 Rxc3 45. Kd2 Rxc6 46. Ke3 f5
47. Kd4 Re6 48. Kd5 Re2 49. g3 Kf6 50. Kd4 Kg5 51. Kd3 Re8 52. Kd4 f4 53. gxf4+
Kxf4 54. Kd5 Kg3 55. Kd6 Kxh3 56. Kd7 Re1 57. Kd6 g5 58. Kd5 g4 59. Kd4 g3 60.
Kd3 g2 61. Kd2 g1=Q 62. Kc3 Re2 63. Kd3 Qd1+ 0-1

[Event "Challenge"]
[Site "http://www.queenalice.com/game.php?id=645135"]
[Date "2009.8.31"]
[Round "-"]
[White "Hugopessanha"]
[Black "ASimplePawnOfFate"]
[Result "1-0"]
[WhiteElo "1430"]
[BlackElo "1359"]

1. e4 g6 2. Nf3 Bg7 3. Bc4 e6 4. d4 Ne7 5. d5 b6 6. dxe6 fxe6 7. O-O Bb7 8. Ng5
d5 9. exd5 exd5 10. Ne6 Qd6 11. Nxg7+ Kd7 12. Bb5+ c6 13. Ba4 Rg8 14. Bh6 Nf5
15. Nxf5 gxf5 16. Qf3 Qxh6 17. Qxd5+ Qd6 18. Qxg8 b5 19. Nc3 bxa4 20. Rad1 Ba6
21. Rxd6+ Kxd6 22. Rd1+ Kc7 23. Qxh7+ 1-0

[Event "Fancy another game?"]
[Site "http://www.queenalice.com/game.php?id=646217"]
[Date "2009.9.2"]
[Round "-"]
[White "ASimplePawnOfFate"]
[Black "DJLeon"]
[Result "0-1"]
[WhiteElo "1372"]
[BlackElo "1674"]

1. d4 g6 2. e3 Nf6 3. Bd3 Bg7 4. Nf3 O-O 5. b3 d5 6. Ne5 Nc6 7. h3 Qd6 8. Ba3
Qe6 9. Nxc6 bxc6 10. Bc5 Nd7 11. Nd2 Nxc5 12. dxc5 Bxa1 13. Qxa1 Rb8 14. Nf3 Qf6
15. Qd4 Bf5 16. Qxf6 exf6 17. O-O Bxd3 18. cxd3 f5 19. Ne5 Rb5 20. Nd7 Rd8 21.
Ne5 Rxc5 22. d4 Rc2 23. Ra1 f6 24. Nd3 Re8 25. Nb4 Rd2 26. Nxc6 a6 27. Kf1 Re6
28. Ke1 Rc2 29. Nb4 Rc3 30. Nxd5 Rcc6 31. Nb4 Rcd6 32. Rc1 f4 33. Rxc7 Rxd4 34.
Nc2 Rde4 35. a4 fxe3 36. fxe3 Rxe3+ 37. Nxe3 Rxe3+ 38. Kf1 Rxb3 39. Ra7 Rb1+ 40.
Kf2 Rb2+ 41. Kf1 Rb4 42. Rxa6 Kg7 43. a5 Ra4 44. Ra7+ Kh6 45. a6 f5 46. Ra8 g5
47. a7 f4 48. Kg1 Kh5 49. Kh2 Kh4 50. Kh1 Kg3 0-1

[Event "Challenge"]
[Site "http://www.queenalice.com/game.php?id=669203"]
[Date "2009.10.19"]
[Round "-"]
[White "cass"]
[Black "ASimplePawnOfFate"]
[Result "1-0"]
[WhiteElo "1570"]
[BlackElo "1368"]

1. e4 g6 2. d4 Bg7 3. c3 e6 4. Nf3 b6 5. g3 Bb7 6. Nbd2 Ne7 7. Bg2 O-O 8. Ng5 h6
9. Nh3 d5 10. Qe2 Ba6 11. Qf3 c5 12. exd5 exd5 13. dxc5 bxc5 14. Nf4 Bb7 15. c4
Na6 16. O-O Rc8 17. Rd1 Qd7 18. cxd5 Nxd5 19. Nxd5 Nb4 20. Nf6+ Bxf6 21. Qxf6
Bxg2 22. Kxg2 Nd5 23. Qf3 Rfe8 24. Nc4 1-0

[Event "First game of 2010"]
[Site "http://www.queenalice.com/game.php?id=723319"]
[Date "2010.1.31"]
[Round "-"]
[White "ASimplePawnOfFate"]
[Black "DJLeon"]
[Result "0-1"]
[WhiteElo "1347"]
[BlackElo "1657"]

1. e4 g6 2. d4 Nf6 3. Bd3 d5 4. Nc3 Nc6 5. Be3 e5 6. Nf3 Bb4 7. dxe5 dxe4 8.
exf6 exf3 9. Qxf3 O-O 10. O-O Bxc3 11. bxc3 Ne5 12. Qf4 Re8 13. Qh6 Qxf6 14. Bg5
Ng4 15. Bxf6 Nxh6 16. Rfe1 Bf5 17. Rxe8+ Rxe8 18. Rb1 Bxd3 19. cxd3 Ng4 20. Bh4
Re2 21. h3 Ne5 22. d4 Nd3 23. Rxb7 Re1+ 24. Kh2 Nxf2 25. Bxf2 Re2 26. Kg1 Rxa2
27. Rxc7 Ra1+ 28. Kh2 a5 29. d5 Rd1 30. c4 a4 31. Bc5 h5 32. d6 f5 33. d7 Rxd7
34. Rxd7 g5 35. Be7 g4 36. h4 Kf7 37. c5 a3 38. c6 a2 39. Bc5+ Ke8 40. Rh7 a1=Q
41. c7 Qe5+ 42. g3 Qxc5 43. Rh8+ Kd7 44. Rh7+ Kc8 45. Rxh5 Kxc7 46. Rh7+ Kd6 47.
h5 Qf2+ 0-1